|
|
|
|
| LEADER |
00788nta a2200217 i 4500 |
| 001 |
dipl108482 |
| 005 |
20210226153911.0 |
| 008 |
210226s2008 hu om 0|| zxx d |
| 040 |
|
|
|a SZTE Diploma Repozitórium
|b hun
|
| 041 |
|
|
|a zxx
|
| 100 |
1 |
|
|a Szélpál Zsolt
|
| 245 |
1 |
2 |
|a A Szegedi Ifjúsági Napok
|h [elektronikus dokumentum] /
|c Zsolt Szélpál
|
| 246 |
1 |
0 |
|a The Juvenile Days of Szeged
|h [elektronikus dokumentum]
|
| 260 |
|
|
|c 2008
|
| 650 |
|
4 |
|a Pedagógusképzés
|
| 650 |
|
4 |
|a Social sciences
|
| 650 |
|
4 |
|a Media and communications
|
| 650 |
|
4 |
|a Media and socio-cultural communication
|
| 650 |
|
4 |
|a Cultural studies, cultural diversity
|
| 700 |
2 |
|
|a Szécsiné Járási Anikó
|e ths
|
| 856 |
4 |
0 |
|u http://diploma.bibl.u-szeged.hu/id/eprint/108482/1/2008_szelpal_zsolt.pdf
|z Dokumentum-elérés
|